| 000 | 00664nam a2200229 a 4500 | ||
|---|---|---|---|
| 001 | 59597 | ||
| 003 | BD-RjUL | ||
| 005 | 20211209080741.0 | ||
| 008 | 161226s1968 nyu b 001 0 eng | ||
| 035 | _a(BD-RjUL) 59721 | ||
| 040 |
_aDLC _cDLC _dDLC _dBD-RjUL _beng |
||
| 041 | _aeng | ||
| 082 | 0 | 0 |
_a327 _223 _bORW 1968 |
| 100 | 1 |
_aOrganski, A. F. K., _d1923- _9177275 |
|
| 245 | 1 | 0 |
_aWorld politics / _cA. F. K. Organski. |
| 250 | _a2d rev. ed. | ||
| 260 |
_aNew York : _bKnopf, _cc1968 |
||
| 300 |
_axiv, 509, xii p. ; _c25 cm. |
||
| 504 | _aBibliography: p. 493-509. Bibliographical footnotes. | ||
| 650 | 0 |
_aInternational relations. _9172346 |
|
| 942 |
_2ddc _cBK |
||
| 999 |
_c59597 _d59597 |
||